00421nam a2200157Ia 4500008004100000040001900041041001200060082003400072100001700106245004300123260002400166300001800190650001000208651002000218850002500238131103s9999 xx 000 0 und d aLoreto College aEnglish a823.91/HAR-BAKbLCLIB(press)/ aBaker, I. L. aFar from the maddind crowdcI. L.Baker aLondonbColesc1965 a94p. c 20cm. aHardy aEnglish fiction aLCLIB/823.91/HAR-BAK